La Globalizacin̤ jurd̕ica

Bibliographic Details
Main Author: Cassese, Sabino
Format: Book
Language:Spanish
Italian
Published: Madrid ; Barcelona : Marcial Pons : INAP, cop. 2006
Subjects:
Online Access:Acceso restringido

MARC

LEADER 00000nam a2200000 a 4500
005 20120119111654.0
007 cr|||| ||||
008 060719s2006 sp |||||| |000 ||spa||
020 |a 9788497683173 (Marcial Pons) 
020 |a 849768317X (Marcial Pons) 
020 |a 9788473512558 (INAP) 
020 |a 8473512553 (INAP) 
035 |a 6086 
040 |d vLex 
041 1 |a spa  |h ita 
090 |c 2932  |d 2932 
100 1 |a Cassese, Sabino 
245 1 3 |a La Globalizacin̤ jurd̕ica   |h [Recurso electrn̤ico] /  |c Sabino Cassese ; prl̤ogo de Luis Ortega 
256 |a Servicio en ln̕ea 
260 |a Madrid ;  |a Barcelona :  |b Marcial Pons :  |b INAP,  |c cop. 2006 
300 |a 1 recurso electrn̤ico 
500 |a Los grandes acontecimientos polt̕icos y econm̤icos de nuestrosda̕s son conocidos por toda la sociedad mundial prc̀ticamente en tiempo real, por lo que el historiador Fernand Braudel hace casi cincuenta aǫs opinaba que se estaba produciendo el empequeęcimiento del mundo y por tanto, su unidad. El autor a partir de la definicin̤ del ordenamiento jurd̕ico global, estudia diversos aspectos generales como el contenido de las redes y su figura organizativa de la colaboracin̤, centrando el estudio en el modelo global europeo con un elogio a la precariedad de su constitucin̤. Analiza seguidamente, la Constitucin̤ econm̤ica europea, la democracia, el dominio comunitario sobre el Derecho Administrativo,las telecomunicaciones, la regulacin̤ alimenticia, el convenio europeo de derechos humanos y su incardinacin̤ en los derechos administrativos nacionales, las transformaciones del derecho administrativo desde el siglo XIX al actual y las reformas administrativas en marcha en diversos pas̕es europeos. 
504 |a Bibliografa̕ p.[217]-221 
506 1 |a Contenido solo disponible en los productos indicados  |d vLex Global   |d vLex Global (Academic Edition, excluding Law Schools)   |d vLex Global (U.S. Academic Edition, Law Schools)   |d vLex Global (U.S. Academic Edition, excluding Law Schools)   |d vLex Global (Academic Edition, Law Schools)  
546 |a Trad. de: Spazio giuridico globale 
650 0 4 |a Globalizacin̤ 
650 0 4 |a Globalizacin̤  |x Aspectos legales 
650 0 4 |a Derecho y globalizacin̤ 
650 0 4 |a Derecho comunitario 
740 0 |a vLex Libros (Servicio en ln̕ea) 
856 4 0 |u http://vlex.com/source/globalizacion-juridica-6086/  |z Acceso restringido 
942 |c BOOK 
999 0 |a Globalization 
999 0 |a  International law